[Event "CRO-chT3 West"]
[Site "Croatia"]
[Date "2017.04.09"]
[Round "6.1"]
[White "Saric, Husnija"]
[Black "Haidinger, Erik"]
[Result "1/2-1/2"]
[WhiteElo "1830"]
[BlackElo "1710"]
[PlyCount "82"]
[EventDate "2017.03.25"]
[EventType "team-tourn"]
[EventRounds "9"]
[EventCountry "CRO"]
[SourceTitle "EXT 2019"]
[Source "ChessBase"]
[SourceDate "2018.10.10"]
[SourceVersion "1"]
[SourceVersionDate "2018.10.10"]
[SourceQuality "1"]

1. d4 Nf6 2. e3 e6 3. a3 b6 4. c4 Bb7 5. Nd2 c5 6. dxc5 Bxc5 7. b4 Be7 8. Bb2 0-0 9. Ngf3 d6 10. Rc1 Nbd7 11. Qc2 Rc8 12. Qb1 Qc7 13. Be2 Rfe8 14. 0-0 h6 15. Nd4 a6 16. Bf3 Ne5 17. Bxb7 Qxb7 18. h3 Rc7 19. a4 Rec8 20. c5 bxc5 21. bxc5 Rxc5 22. Rxc5 dxc5 23. Nxe6 fxe6 24. Bxe5 Qxb1 25. Rxb1 Nd5 26. Nc4 Kf7 27. Rb7 Kf8 28. a5 g6 29. Rb6 Nb4 30. Rxe6 Kf7 31. Rb6 Rc6 32. Rb7 Ke6 33. e4 Bf6 34. Bxf6 Kxf6 35. f4 Nd3 36. Rb6 Re6 37. e5+ Kf7 38. Nd6+ Ke7 39. g3 Nb4 40. Kf2 Kd7 41. Kf3 Kc7 1/2-1/2

[Event "CRO-chT3W"]
[Site "Croatia"]
[Date "2016.04.09"]
[Round "4.4"]
[White "Saric, Husnija"]
[Black "Zoricic, Nikola"]
[Result "1-0"]
[WhiteElo "1840"]
[BlackElo "1698"]
[PlyCount "67"]
[EventDate "2016.03.05"]
[EventType "team-tourn"]
[EventRounds "9"]
[EventCountry "CRO"]
[SourceTitle "CBM 171 Extra"]
[Source "ChessBase"]
[SourceDate "2016.04.26"]
[SourceVersion "1"]
[SourceVersionDate "2016.04.26"]
[SourceQuality "1"]
[WhiteTeam "Labin"]
[BlackTeam "Crikvenica"]
[WhiteTeamCountry "CRO"]
[BlackTeamCountry "CRO"]

1. d4 Nf6 2. e3 e6 3. a3 c5 4. dxc5 Bxc5 5. b4 Be7 6. Bb2 b6 7. Be2 Bb7 8. Nf3 0-0 9. 0-0 Nc6 10. Nbd2 a6 11. Rc1 Rc8 12. c4 d5 13. b5 Nb8 14. cxd5 Nxd5 15. Qb3 a5 16. Nc4 Nd7 17. Rfd1 Nc5 18. Qc2 Nd7 19. Qb1 Bc5 20. g3 Qe7 21. Nfe5 Nxe5 22. Bxe5 Bxa3 23. Bxg7 Kxg7 24. Qa1+ f6 25. Nxa3 Rfd8 26. Nc4 Qb4 27. Qd4 Qxb5 28. Qg4+ Kf8 29. Qxe6 Rc6 30. Nd6 Rdxd6 31. Qxd6+ Rxd6 32. Bxb5 Ke7 33. e4 Nc3 34. Rxd6 1-0

[Event "Porec Istar Cup"]
[Site "Porec"]
[Date "2015.12.05"]
[Round "3"]
[White "Jurman, Pjerino"]
[Black "Saric, Husnija"]
[Result "1-0"]
[WhiteElo "1900"]
[BlackElo "1825"]
[PlyCount "73"]
[EventDate "2015.12.04"]
[EventType "swiss"]
[EventRounds "7"]
[EventCountry "CRO"]
[SourceTitle "EXT 2017"]
[Source "ChessBase"]
[SourceDate "2016.10.25"]
[SourceVersion "1"]
[SourceVersionDate "2016.10.25"]
[SourceQuality "1"]

1. d4 d5 2. c4 e6 3. Nc3 c5 4. cxd5 cxd4 5. Qxd4 Nc6 6. Qc4 exd5 7. Qxd5 Be6 8. Qe4 Nf6 9. Qb1 Qa5 10. e4 Bc5 11. Be2 Qb6 12. Nd1 0-0-0 13. Be3 Qb4+ 14. Nc3 Bxe3 15. fxe3 Rhe8 16. a3 Qc5 17. Qc1 Qg5 18. Nf3 Qxg2 19. Rg1 Qh3 20. Rg3 Qh6 21. h4 Bg4 22. Kf2 Rxe4 23. Ng5 Rxe3 24. Qxe3 Qxh4 25. Nxf7 Rf8 26. Kg2 Bxe2 27. Qe6+ Nd7 28. Nxe2 Rxf7 29. Qxf7 Nce5 30. Rc1+ Kd8 31. Qg8+ Ke7 32. Qxg7+ Kd6 33. Rd1+ Kc5 34. Rc3+ Nc4 35. Qd4+ Qxd4 36. Rxd4 Nde5 37. Rcxc4+ 1-0

[Event "Pula CC-ch"]
[Site "Pula"]
[Date "2014.02.04"]
[Round "6"]
[White "Nikolic, Miroslav"]
[Black "Saric, Husnija"]
[Result "0-1"]
[WhiteElo "1717"]
[BlackElo "1811"]
[PlyCount "50"]
[EventDate "2014.01.17"]
[EventType "swiss"]
[EventRounds "9"]
[EventCountry "CRO"]
[SourceTitle "EXT 2016"]
[Source "ChessBase"]
[SourceDate "2015.10.08"]
[SourceVersion "1"]
[SourceVersionDate "2015.10.08"]
[SourceQuality "1"]

1. e4 c5 2. Nf3 a6 3. Be2 Nc6 4. 0-0 d6 5. d3 e5 6. Nc3 Be7 7. Nd5 Nf6 8. Nxe7 Qxe7 9. Bg5 0-0 10. c3 h6 11. Bxf6 Qxf6 12. Qd2 b5 13. Ne1 Qg6 14. f4 f5 15. exf5 Bxf5 16. Bf3 Rac8 17. Bxc6 Rxc6 18. fxe5 dxe5 19. Qe3 e4 20. dxe4 Bxe4 21. Rxf8+ Kxf8 22. Rd1 Kg8 23. Nf3 Re6 24. Nh4 Qg4 25. Qg3 Qxd1+ 0-1

[Event "Porec op 12th"]
[Site "Porec"]
[Date "2012.12.08"]
[Round "5"]
[White "Ikica, Ante"]
[Black "Saric, Husnija"]
[Result "1-0"]
[WhiteElo "1996"]
[BlackElo "1844"]
[PlyCount "99"]
[EventDate "2012.12.06"]
[EventType "swiss"]
[EventRounds "7"]
[EventCountry "CRO"]
[SourceTitle "CBM 151 Extra"]
[Source "ChessBase"]
[SourceDate "2012.12.18"]
[SourceVersion "1"]
[SourceVersionDate "2012.12.18"]
[SourceQuality "1"]

1. e4 c5 2. c3 d5 3. exd5 Qxd5 4. d4 a6 5. Nf3 Bg4 6. Be2 Nc6 7. c4 Qd6 8. d5 Bxf3 9. Bxf3 Nd4 10. 0-0 g6 11. Nc3 Bh6 12. Ne4 Qc7 13. b4 Bxc1 14. Rxc1 Nxf3+ 15. Qxf3 cxb4 16. c5 Nh6 17. d6 Qc6 18. Qf4 Nf5 19. dxe7 Kxe7 20. Nd6 h5 21. Qe5+ Kd7 22. Nxf5 Rae8 23. Qd4+ Kc7 24. Nd6 Rd8 25. Qxb4 Rd7 26. Qxb7+ Qxb7 27. Nxb7 Rd2 28. Nd6 f5 29. a4 Rd4 30. Nc4 f4 31. Rfe1 Rhd8 32. a5 h4 33. h3 Rd3 34. Ne5 Rd2 35. Nxg6 f3 36. Nxh4 fxg2 37. Nxg2 Rf8 38. Rf1 Rf3 39. Kh2 Rdd3 40. Ne3 Rd4 41. Kg2 Rf8 42. Rfd1 Rg8+ 43. Ng4 Ra4 44. Ra1 Rc4 45. Rdc1 Rd4 46. c6 Rgd8 47. Rab1 Rd3 48. Rb7+ Kc8 49. c7 Kxb7 50. cxd8Q 1-0

[Event "Porec op 12th"]
[Site "Porec"]
[Date "2012.12.06"]
[Round "2"]
[White "Saric, Husnija"]
[Black "Mainenti, Kevin"]
[Result "0-1"]
[WhiteElo "1844"]
[BlackElo "1714"]
[PlyCount "74"]
[EventDate "2012.12.06"]
[EventType "swiss"]
[EventRounds "7"]
[EventCountry "CRO"]
[SourceTitle "CBM 151 Extra"]
[Source "ChessBase"]
[SourceDate "2012.12.18"]
[SourceVersion "1"]
[SourceVersionDate "2012.12.18"]
[SourceQuality "1"]

1. d4 f5 2. e3 Nf6 3. Bd3 e6 4. a3 Be7 5. Nf3 b6 6. 0-0 Bb7 7. b4 0-0 8. Bb2 Qe8 9. Nbd2 Qg6 10. c4 Ne4 11. Ne5 Qh6 12. f4 d6 13. Nef3 Nd7 14. Rc1 Ndf6 15. Qe2 Ng4 16. h3 Ng3 17. Qe1 Nxf1 18. Kxf1 Nf6 19. d5 exd5 20. Bxf5 Ne4 21. Bg4 dxc4 22. Nxc4 Bf6 23. Bd4 Bc8 24. Bxf6 Qxf6 25. Ncd2 Nxd2+ 26. Qxd2 Bxg4 27. hxg4 c5 28. Ng5 Qxg5 29. Qxd6 cxb4 30. axb4 Qxg4 31. Rc7 Rad8 32. Qc6 Rd1+ 33. Kf2 Rd2+ 34. Kg1 Rfd8 35. Qc4+ Kh8 36. Qe4 Rd1+ 37. Kh2 Qh4# 0-1

[Event "Porec op"]
[Site "Porec"]
[Date "2011.12.01"]
[Round "2"]
[White "Saric, Husnija"]
[Black "Orak, Tugomir"]
[Result "0-1"]
[WhiteElo "1849"]
[BlackElo "2047"]
[PlyCount "78"]
[EventDate "2011.12.01"]
[EventType "swiss"]
[EventRounds "7"]
[EventCountry "CRO"]
[SourceTitle "CBM 145 Extra"]
[Source "ChessBase"]
[SourceDate "2012.01.03"]
[SourceVersion "1"]
[SourceVersionDate "2012.01.03"]
[SourceQuality "1"]

1. d4 d5 2. e3 Nf6 3. c4 e6 4. a3 Be7 5. Qc2 0-0 6. Nd2 b6 7. Ngf3 Bb7 8. cxd5 exd5 9. Bd3 Nbd7 10. b4 Rc8 11. Ne5 Nb8 12. Bf5 Nbd7 13. Nxd7 Nxd7 14. Bxh7+ Kh8 15. Bf5 c5 16. bxc5 bxc5 17. 0-0 cxd4 18. Qb2 Ba6 19. Qxd4 Bf6 20. Qg4 g6 21. Bxd7 Bxa1 22. Nf3 Bxf1 23. Ng5 Kg7 24. Bd2 Rc7 25. Bf5 Qf6 26. e4 Bd3 27. h4 Rh8 28. Bf4 Re7 29. f3 Kf8 30. Bc8 Bd4+ 31. Kh1 Bf2 32. e5 Qb6 33. Nh3 Rxh4 34. Qg5 Qb1+ 35. Bc1 Rh5 36. Qd2 Bg3 37. Bg4 Rc7 38. Bxh5 Qxc1+ 39. Qxc1 Rxc1+ 0-1

[Event "CRO-chT3 West"]
[Site "Croatia"]
[Date "2011.04.10"]
[Round "5.45"]
[White "Saric, Husnija"]
[Black "Rafaelic, Denis"]
[Result "1-0"]
[WhiteElo "1842"]
[BlackElo "1728"]
[PlyCount "73"]
[EventDate "2011.03.12"]
[EventType "team-tourn"]
[EventRounds "9"]
[EventCountry "CRO"]
[SourceTitle "EXT 2014"]
[Source "ChessBase"]
[SourceDate "2013.11.20"]
[SourceVersion "1"]
[SourceVersionDate "2013.11.20"]
[SourceQuality "1"]

1. d4 Nf6 2. c4 g6 3. Qc2 Bg7 4. Nf3 d6 5. e4 0-0 6. Bd3 Nc6 7. a3 e5 8. d5 Ne7 9. b4 Ne8 10. Bg5 f5 11. Bxe7 Qxe7 12. Nbd2 Nf6 13. 0-0-0 a5 14. b5 a4 15. h4 Ng4 16. Rdf1 c6 17. exf5 gxf5 18. dxc6 bxc6 19. b6 d5 20. Qa2 Be6 21. Ng5 h6 22. Nxe6 Qxe6 23. c5 e4 24. Be2 Ra5 25. Rh3 Rxc5+ 26. Kd1 Rb8 27. Qb1 h5 28. Qb4 Bf8 29. Qxa4 e3 30. Bxg4 exd2 31. Re3 Qf6 32. Bxh5 Rc1+ 33. Ke2 f4 34. Rf3 Qb2 35. Rd1 Rxd1 36. Qxd1 Qe5+ 37. Kxd2 1-0

[Event "Porec op"]
[Site "Porec"]
[Date "2010.12.02"]
[Round "2"]
[White "Saric, Husnija"]
[Black "Ikica, Ante"]
[Result "1/2-1/2"]
[WhiteElo "1782"]
[BlackElo "2085"]
[PlyCount "112"]
[EventDate "2010.12.02"]
[EventType "swiss"]
[EventRounds "7"]
[EventCountry "CRO"]
[SourceTitle "CBM 139 Extra"]
[Source "ChessBase"]
[SourceDate "2011.01.05"]
[SourceVersion "1"]
[SourceVersionDate "2011.01.05"]
[SourceQuality "1"]

1. d4 d6 2. g3 g6 3. Bg2 Bg7 4. Nf3 Nf6 5. 0-0 0-0 6. c4 c5 7. Nc3 Na6 8. a3 Nc7 9. Qc2 Rb8 10. dxc5 dxc5 11. Bf4 Be6 12. Rad1 Qc8 13. b3 Nh5 14. Bc1 b5 15. Nd5 Nxd5 16. cxd5 Bd7 17. e4 e6 18. Be3 exd5 19. Rxd5 c4 20. Bxa7 Ra8 21. Bd4 Be6 22. Rxb5 cxb3 23. Qb2 Qa6 24. Rb4 Rfc8 25. Bxg7 Nxg7 26. Nd4 Qxa3 27. Qxa3 Rxa3 28. Rb1 h6 29. Bf1 Kh7 30. Nxe6 Nxe6 31. R4xb3 Rxb3 32. Rxb3 Rc7 33. Kg2 Kg7 34. Rb4 h5 35. Bc4 Nc5 36. Bd5 Kf6 37. Rb6+ Ke5 38. f4+ Kd4 39. Rb4+ Ke3 40. Rc4 f6 41. h4 Kd3 42. e5 fxe5 43. fxe5 Na6 44. Rxc7 Nxc7 45. Bf7 Ke4 46. Bxg6+ Kxe5 47. Bxh5 Kf6 48. Bf3 Ne6 49. Bd5 Nd4 50. g4 Ke5 51. Bb7 Kf4 52. Bc8 Nf3 53. h5 Ng5 54. Bf5 Nf7 55. Be6 Nh6 56. Bf5 Nxf5 1/2-1/2

[Event "Umag op"]
[Site "Umag"]
[Date "2005.03.22"]
[Round "1"]
[White "Saric, Husnija"]
[Black "Crepan, Marjan"]
[Result "0-1"]
[WhiteElo "1916"]
[BlackElo "2286"]
[PlyCount "54"]
[EventDate "2005.03.22"]
[EventType "swiss"]
[EventRounds "9"]
[EventCountry "CRO"]
[SourceTitle "CBM 105 Extra"]
[Source "ChessBase"]
[SourceDate "2005.05.01"]
[SourceVersion "1"]
[SourceVersionDate "2005.05.01"]
[SourceQuality "1"]

1. d4 d5 2. e3 Nf6 3. c4 c6 4. Qc2 Bg4 5. Bd3 e6 6. a3 Nbd7 7. f3 Bh5 8. Nc3 Bd6 9. c5 Bc7 10. b4 e5 11. Nge2 Bg6 12. 0-0 0-0 13. g4 Re8 14. Ng3 Qb8 15. Nce2 e4 16. fxe4 Nxe4 17. Nf4 Nxg3 18. hxg3 Nf6 19. Nxg6 hxg6 20. Bxg6 Bxg3 21. Bf5 Ne4 22. Rf3 Qc7 23. Bd2 Bh2+ 24. Kh1 Ng5 25. Rff1 Bg3 26. e4 Nxe4 27. Bxe4 Rxe4 0-1

[Event "Porec op"]
[Site "Porec"]
[Date "2004.12.02"]
[Round "2"]
[White "Saric, Husnija"]
[Black "Pahor, Andrea"]
[Result "0-1"]
[WhiteElo "1921"]
[BlackElo "2063"]
[PlyCount "60"]
[EventDate "2004.12.02"]
[EventType "swiss"]
[EventRounds "7"]
[EventCountry "CRO"]
[SourceTitle "CBM 103 Extra"]
[Source "ChessBase"]
[SourceDate "2005.01.01"]
[SourceVersion "1"]
[SourceVersionDate "2005.01.01"]
[SourceQuality "1"]

1. d4 Nf6 2. c4 e6 3. a3 c5 4. Nf3 cxd4 5. Nxd4 b6 6. Qc2 Bb7 7. Nc3 Be7 8. b4 a6 9. e4 d6 10. Bd3 Nbd7 11. 0-0 0-0 12. f4 Rc8 13. h3 Qc7 14. Be3 b5 15. Ncxb5 axb5 16. Nxb5 Qb8 17. Qe2 Nxe4 18. Qc2 Ndf6 19. g4 Qa8 20. a4 Ng3 21. Rfd1 Bf3 22. Re1 Be4 23. Na7 Bxd3 24. Qxd3 Qh1+ 25. Kf2 Nfe4+ 26. Qxe4 Nxe4+ 27. Ke2 Qg2+ 28. Kd3 Nf2+ 29. Bxf2 Qxf2 30. Nxc8 Rxc8 0-1

[Event "Berlin op 09"]
[Site "Berlin"]
[Date "2004.10.11"]
[Round "6"]
[White "Saric, Husnija"]
[Black "Krueger, Dirk"]
[Result "1/2-1/2"]
[WhiteElo "1902"]
[BlackElo "1774"]
[PlyCount "21"]
[EventDate "2004.09.06"]
[EventType "swiss"]
[EventRounds "7"]
[EventCountry "GER"]
[SourceTitle "EXT 2007"]
[Source "ChessBase"]
[SourceDate "2006.11.23"]
[SourceVersion "1"]
[SourceVersionDate "2006.11.23"]
[SourceQuality "1"]

1. d4 d5 2. Nf3 Nf6 3. e3 e6 4. Bd3 Nbd7 5. c4 c6 6. Nc3 Be7 7. 0-0 0-0 8. c5 Qc7 9. b4 e5 10. Be2 e4 11. Ne1 1/2-1/2